00729nam a22002057a 450000500170000001000150001702000260003203500140005803700090007208200080008110000260008924500690011526000330018427001090021730000200032670000100034694200220035699900190037895201260039720250106151815.0 aENG-143153 c995.00a9788195321964 aEN-126685 bDBAD a921 aRavinder Kumar975904 aBuilders of Modern India:bK.B. Hedgewar/cBy Dr. Ravinder Kumar aShahdarabKeshav Booksc2021 aF-7, Gali No.1, 3rd Floor Panchsheel Garden Extn. Naveen Shahdarab Delhie110032mkeshavbooks@gmail.com a298p.c23cm(hb) 975806 2ddccENh921mRAV c208080d208080 001040708NFICaMPbMPd2025-01-06eDBADg995.00l0o921 RAVpEN-126685r2025-01-06 00:00:00t1v995.00w2025-01-06yEN